000 00686nam a2200253Ia 4500
003 OSt
005 20221007102537.0
006 a|||||r|||| 00| 0
007 ta
008 221006b |||||||| |||| 00| 0 eng d
020 _a8178350823
024 _a10,627
037 _cReference Collections
040 _aLCO
_cLCO
_beng
041 _2eng
_aeng
082 _aY11:45, P2
100 _aBaruah A. Ed.
_9704632
245 0 _aCrime Against Children
260 _aDelhi
_bKalpaz Publications India
_c2002
300 _a367
650 _aCrime against children
_9704633
942 _hY11:45, P2
_cREF
999 _c1180190
_d1180190